=LDR 00000nam 2200000 4500 =001 INLIS000000000035552 =005 20201117090840 =035 ##$$a 0010-061300000035552 =008 201117################g##########0#ind## =041 ##$$a ind =082 ##$$a 323.34 =090 ##$$a 323.34, Kaj k =245 ##$$a Kajian oleh pelapor khusus mengenai perumahan yang layak, Perempuan dan perumahan yang layak /$c Penerjemah, Idaman Andarmosoko;Editor, Dewi Novirianti =250 ##$$a Seri Dokumen Kunci 7 =260 ##$$a Jakarta :$b Publikasi komnas perempuan,$c 2006 =300 ##$$a 136 hlm ; $c 23 x 15 cm =650 #4$$a Wanita-Hak Syah =700 #$$a Andarmosoko, Idaman =850 ##$$a NBPNMAT =020 ##$$a 979-26-7502-7 =084 ##$$a 323.34 KAJ k =990 ##$$a 31011613 =990 ##$$a 31011614